000 00406pab a2200145 454500
008 180718b1998 xxu||||| |||| 00| 0 eng d
100 _aMachold, Silke
245 _aEurope and Russia's external economic relations: an assessment
260 _c1998
300 _ap.PE113-120
362 _a29 Aug
650 _aInternational economic relations
773 _aEconomic and Political Weekly
909 _a38732
999 _c38732
_d38732